The virgin birth and the incarnation. (Record no. 3370)

000 -LEADER
fixed length control field 00633nam a2200193 a 4500
001 - CONTROL NUMBER
control field :::00001100$&:&@@
003 - CONTROL NUMBER IDENTIFIER
control field OkBaRHE
005 - DATE AND TIME OF LATEST TRANSACTION
control field 20000607103241.0
008 - FIXED-LENGTH DATA ELEMENTS--GENERAL INFORMATION
fixed length control field s1976 j 000 0 eng u
040 ## - CATALOGING SOURCE
Transcribing agency
100 1# - MAIN ENTRY--PERSONAL NAME
Personal name Custance, Arthur C.
245 14 - TITLE STATEMENT
Title The virgin birth and the incarnation.
260 ## - PUBLICATION, DISTRIBUTION, ETC. (IMPRINT)
Place of publication, distribution, etc Grand Rapids, MI., :
Name of publisher, distributor, etc Zondervan Publishing House
Date of publication, distribution, etc c1976
300 ## - PHYSICAL DESCRIPTION
Extent 400 p. : illus. ;
Dimensions 23 cm.
490 0# - SERIES STATEMENT
Series statement The doorway papers, v. 5.
650 ## - SUBJECT ADDED ENTRY--TOPICAL TERM
Topical term or geographic name as entry element Theology
General subdivision Addresses, Essays, Lectures
942 ## - ADDED ENTRY ELEMENTS (KOHA)
Source of classification or shelving scheme
Koha item type Books
Copies
Barcode Koha item type Not for loan Shelving location Date acquired Damaged status Withdrawn status Lost status Price effective from Permanent Location Full call number Date last seen Source of classification or shelving scheme Copy number
1100Books General Stacks2010-04-14   2010-04-14RHEMA Bible Training CollegeBS 543 .A1C872018-02-16 1